LEADER 01314nlm 2200313 a 450 001 996361649903316 005 20201012062805.0 010 $a9780470997086 100 $a20040604d2005---- uy 0 101 0 $aeng 102 $aUS 105 $ay 00 y 135 $adrcnu 200 0 $a<> companion to the ancient Near East$fedited by Daniel C. Snell 210 $aMalden$cBlackwell Pub.$d2005 215 $aTesto elettronico (PDF) (XIX, [2] carte di tav., 504 p.) 225 2 $aBlackwell companions to the ancient world$iAncient history 230 $aBase dati testuale 330 $aIl testo offre agli studenti e ai lettori in generale una panoramica completa della civiltà del Vicino Oriente dall'età del bronzo alle conquiste di Alessandro Magno. Tratta delle civiltà dei Sumeri, Ittiti, Babilonesi, Assiri, Israeliti e Persiani, ponendo un'enfasi particolare sulla storia sociale e culturale. Fornisce un'utile guida bibliografica 410 0$aBlackwell companions to the ancient world$iAncient history 607 $aMedio oriente$xStoria$zAntichità$2BNCF 676 $a939.4 702 1$aSNELL,$bDaniel C 801 0$bcba$aIT$bcba$gREICAT 912 $a996361649903316 959 $aEB 969 $aER 996 $aCompanion to the ancient Near East$91759018 997 $aUNISA LEADER 01054nam a2200265 i 4500 001 991002253559707536 005 20020508193055.0 008 960614s1986 it ||| | ita 035 $ab10981743-39ule_inst 035 $aPARLA158191$9ExL 040 $aDip.to scienze storiche$bita 082 04$a945.015 245 13$aLe chartae dei ducati di Spoleto e di Benevento /$ca cura di Herbert Zielinski 260 $aRoma :$bnella sede dell'Istituto,$c1986 300 $aVII, 445 p. ;$c26 cm. 490 0 $aCodice diplomatico longobardo ;$v5 490 0 $aFonti per la storia d'Italia / pubblicate dall'Istituto storico italiano ;$v66 650 4$aLongobardi$xStoria$xFonti 700 1 $aZielinski, Herbert 907 $a.b10981743$b23-02-17$c28-06-02 912 $a991002253559707536 945 $aLE009 MSM VIII Coll.24/66$g1$i2009000144859$lle009$o-$pE0.00$q-$rn$so $t0$u1$v0$w1$x0$y.i11094539$z28-06-02 996 $aChartae dei ducati di Spoleto e di Benevento$9864999 997 $aUNISALENTO 998 $ale009$b01-01-96$cm$da $e-$fita$git $h3$i1